[Event "Remote email"]
[Site "Remote email"]
[Date "2014.05.12"]
[Round "?"]
[White "Spieler, Freakie"]
[Black "Bokmeier, Johannes"]
[Result "1-0"]
[WhiteElo "2207"]
[BlackElo "1830"]
[PlyCount "39"]
[EventDate "2014.??.??"]
[EventType "tourn (corr)"]
[EventRounds "6"]
[EventCountry "GER"]
[SourceTitle "Corr 2015"]
[Source "ChessBase"]
[SourceDate "2015.07.17"]
[SourceVersion "1"]
[SourceVersionDate "2015.07.17"]
[SourceQuality "1"]

1. d4 Nf6 2. c4 g6 3. Nf3 Bg7 4. Nc3 0-0 5. e4 d6 6. Be2 a6 7. 0-0 Nbd7 8. e5 dxe5 9. dxe5 Ng4 10. e6 fxe6 11. Ng5 Ndf6 12. Bxg4 Nxg4 13. Qxg4 e5 14. Qe4 Qd4 15. Nd5 Qxe4 16. Nxe7+ Kh8 17. Nxe4 b6 18. Nxc8 Raxc8 19. Be3 Rcd8 20. Rad1 1-0

[Event "Remote S7E Schnell-98 email"]
[Site "Remote email"]
[Date "2013.10.24"]
[Round "?"]
[White "Spieler, Freakie"]
[Black "Faust, Dieter"]
[Result "1-0"]
[WhiteElo "2233"]
[BlackElo "2036"]
[PlyCount "55"]
[EventDate "2013.??.??"]
[EventType "tourn (corr)"]
[EventRounds "6"]
[EventCountry "GER"]
[SourceTitle "Corr 2015"]
[Source "ChessBase"]
[SourceDate "2015.07.17"]
[SourceVersion "1"]
[SourceVersionDate "2015.07.17"]
[SourceQuality "1"]

1. d4 d5 2. c4 c6 3. Nf3 Nf6 4. e3 Bf5 5. Nc3 e6 6. Nh4 Be4 7. f3 Bg6 8. Qb3 Qc7 9. cxd5 cxd5 10. Bd2 Nc6 11. Rc1 a6 12. Nxg6 hxg6 13. Bd3 Bd6 14. h3 0-0 15. 0-0 b5 16. Ne2 Na5 17. Bxa5 Qxa5 18. Rc6 Rfd8 19. Rfc1 Bb4 20. Kf2 Bd2 21. R1c2 Be1+ 22. Kf1 Bd2 23. Bxg6 fxg6 24. a3 Be1 25. Qd3 g5 26. Qg6 Rf8 27. Rc7 Ne8 28. Qxe6+ 1-0

[Event "Remote S7E Schnell-98 email"]
[Site "Remote email"]
[Date "2013.10.24"]
[Round "?"]
[White "Spieler, Freakie"]
[Black "Pieleck, Rudolf"]
[Result "1-0"]
[WhiteElo "2233"]
[BlackElo "1662"]
[PlyCount "55"]
[EventDate "2013.??.??"]
[EventType "tourn (corr)"]
[EventRounds "6"]
[EventCountry "GER"]
[SourceTitle "Corr 2015"]
[Source "ChessBase"]
[SourceDate "2015.07.17"]
[SourceVersion "1"]
[SourceVersionDate "2015.07.17"]
[SourceQuality "1"]

1. d4 d5 2. c4 e6 3. Nc3 Bb4 4. Nf3 Ne7 5. e3 0-0 6. Bd2 c5 7. a3 Ba5 8. dxc5 Nbc6 9. Bd3 dxc4 10. Bxc4 Bc7 11. 0-0 Ne5 12. Nxe5 Bxe5 13. Qc2 Nc6 14. f4 Bf6 15. Ne4 Be7 16. Bc3 b6 17. Rad1 Qc7 18. b4 a5 19. b5 Na7 20. Be5 Qb7 21. f5 exf5 22. c6 Nxc6 23. bxc6 Qxc6 24. Bxf7+ Rxf7 25. Qxc6 Rb8 26. Bxb8 Rf8 27. Bd6 Bxd6 28. Nxd6 1-0

[Event "Remote S7E Schnell-98 email"]
[Site "Remote email"]
[Date "2013.10.24"]
[Round "?"]
[White "Spieler, Freakie"]
[Black "Tortoza, Carlos Alberto"]
[Result "1-0"]
[WhiteElo "2233"]
[BlackElo "1563"]
[PlyCount "67"]
[EventDate "2013.??.??"]
[EventType "tourn (corr)"]
[EventRounds "6"]
[EventCountry "GER"]
[SourceTitle "Corr 2015"]
[Source "ChessBase"]
[SourceDate "2015.07.17"]
[SourceVersion "1"]
[SourceVersionDate "2015.07.17"]
[SourceQuality "1"]

1. d4 e6 2. c4 c6 3. Nc3 Nf6 4. Nf3 d6 5. e4 Be7 6. Be2 0-0 7. 0-0 Nbd7 8. Bf4 Qc7 9. c5 e5 10. Bg3 Nh5 11. cxd6 Bxd6 12. Bxe5 Nxe5 13. Nxe5 Nf4 14. Nf3 Nh5 15. e5 Be7 16. d5 cxd5 17. Nxd5 Qd8 18. Qb3 b6 19. Rad1 Bc5 20. Nf6+ Qxf6 21. exf6 Nxf6 22. Bc4 Be6 23. Bxe6 fxe6 24. Ng5 Rae8 25. Nxe6 Rf7 26. Ng5 Ref8 27. Nxf7 h6 28. Rd8 Ne8 29. Re1 Bxf2+ 30. Kxf2 Kh7 31. Rexe8 Rxe8 32. Rxe8 Kg6 33. g4 h5 34. Qe6+ 1-0

[Event "Remote S7E Schnell-98 email"]
[Site "Remote email"]
[Date "2013.10.24"]
[Round "?"]
[White "Witt, Monika"]
[Black "Spieler, Freakie"]
[Result "0-1"]
[WhiteElo "1451"]
[BlackElo "2233"]
[PlyCount "44"]
[EventDate "2013.??.??"]
[EventType "tourn (corr)"]
[EventRounds "6"]
[EventCountry "GER"]
[SourceTitle "Corr 2015"]
[Source "ChessBase"]
[SourceDate "2015.07.17"]
[SourceVersion "1"]
[SourceVersionDate "2015.07.17"]
[SourceQuality "1"]

1. e4 c5 2. Bc4 e6 3. Nf3 Nc6 4. a3 d5 5. exd5 exd5 6. Qe2+ Be7 7. Bb5 Nf6 8. Bxc6+ bxc6 9. d3 0-0 10. h3 Re8 11. Ne5 Bd6 12. d4 cxd4 13. Bf4 Qb6 14. b3 Ba6 15. c4 dxc3 16. Qc2 Bxe5 17. Be3 Bf4 18. Nxc3 Rxe3+ 19. fxe3 Qxe3+ 20. Kd1 Qd4+ 21. Ke1 Re8+ 22. Ne2 Bg3+ 0-1

[Event "Remote 4 Seasons Autumn-B email"]
[Site "Remote email"]
[Date "2013.10.15"]
[Round "?"]
[White "Milde, Lars"]
[Black "Spieler, Freakie"]
[Result "0-1"]
[WhiteElo "2388"]
[BlackElo "2233"]
[PlyCount "60"]
[EventDate "2013.??.??"]
[EventType "tourn (corr)"]
[EventRounds "10"]
[EventCountry "GER"]
[SourceTitle "Corr 2015"]
[Source "ChessBase"]
[SourceDate "2015.07.17"]
[SourceVersion "1"]
[SourceVersionDate "2015.07.17"]
[SourceQuality "1"]

1. e4 c5 2. Nf3 Nc6 3. d4 cxd4 4. Nxd4 e5 5. Nb5 d6 6. g3 Be7 7. Bg2 Nf6 8. 0-0 0-0 9. h3 Be6 10. N1c3 a6 11. Na3 Nb4 12. Nd5 Nbxd5 13. exd5 Bf5 14. Nc4 Rc8 15. Ne3 Bg6 16. a4 Qc7 17. c4 h6 18. h4 Ne4 19. Qg4 Nc5 20. Ra3 h5 21. Qe2 e4 22. Bh3 Rce8 23. Bf5 Nd3 24. Rxd3 exd3 25. Qxd3 Bxf5 26. Nxf5 Bf6 27. b3 g6 28. Nd4 Re7 29. Be3 Rfe8 30. Kg2 Kg7 0-1

[Event "Remote 4 Seasons Autumn-B email"]
[Site "Remote email"]
[Date "2013.10.15"]
[Round "?"]
[White "Spieler, Freakie"]
[Black "Traut, Gerhard"]
[Result "0-1"]
[WhiteElo "2233"]
[BlackElo "2258"]
[PlyCount "84"]
[EventDate "2013.??.??"]
[EventType "tourn (corr)"]
[EventRounds "10"]
[EventCountry "GER"]
[SourceTitle "Corr 2015"]
[Source "ChessBase"]
[SourceDate "2015.07.17"]
[SourceVersion "1"]
[SourceVersionDate "2015.07.17"]
[SourceQuality "1"]

1. e4 c5 2. Nf3 Nc6 3. d4 cxd4 4. Nxd4 Nf6 5. Nxc6 bxc6 6. Nc3 e5 7. Bc4 Bb4 8. Bg5 h6 9. Bh4 0-0 10. 0-0 g5 11. Bg3 Re8 12. Re1 Kg7 13. Rb1 Rb8 14. Bb3 Qa5 15. Re3 Bxc3 16. bxc3 c5 17. c4 Qc7 18. f3 Nh5 19. Be1 Qc6 20. Bc3 Nf4 21. Qd2 d6 22. Rd1 Re6 23. Kh1 Rg6 24. a3 g4 25. fxg4 Bxg4 26. Rf1 Kh7 27. g3 Bh3 28. Rf2 Bf5 29. Qe1 Bxe4+ 30. Rxe4 f5 31. Qe3 fxe4 32. Bd2 Qa8 33. Rf1 Rf8 34. c3 Nd3 35. Kg1 Rxf1+ 36. Kxf1 Qf8+ 37. Kg1 Qf4 38. Bd1 Qxe3+ 39. Bxe3 Rf6 40. a4 a5 41. Kg2 Kg7 42. Bh5 Nb2 0-1

[Event "Remote-ch 2013 email"]
[Site "Remote email"]
[Date "2013.10.01"]
[Round "1"]
[White "Faber, Hans Alban"]
[Black "Spieler, Freakie"]
[Result "1-0"]
[WhiteElo "2504"]
[BlackElo "2233"]
[PlyCount "97"]
[EventDate "2013.??.??"]
[EventType "tourn (corr)"]
[EventRounds "6"]
[EventCountry "GER"]
[SourceTitle "Corr 2015"]
[Source "ChessBase"]
[SourceDate "2015.07.17"]
[SourceVersion "1"]
[SourceVersionDate "2015.07.17"]
[SourceQuality "1"]

1. e4 c5 2. Nf3 Nc6 3. d4 cxd4 4. Nxd4 e5 5. Nb5 d6 6. N1c3 a6 7. Na3 Be6 8. Nc4 Nf6 9. Bg5 Be7 10. Bxf6 Bxf6 11. Qxd6 Be7 12. Qxd8+ Rxd8 13. a3 Bc5 14. Ne3 0-0 15. Ncd5 Bxe3 16. Nxe3 g6 17. Bd3 f5 18. 0-0-0 b5 19. Rhe1 Nd4 20. exf5 gxf5 21. f3 h6 22. b4 Kg7 23. c3 Nc6 24. a4 bxa4 25. Bxa6 a3 26. Rxd8 Rxd8 27. Bc4 Bxc4 28. Nxc4 Rc8 29. Kc2 Nxb4+ 30. cxb4 Rxc4+ 31. Kb3 Rh4 32. Rxe5 Kf6 33. Re2 Rxh2 34. b5 Rh1 35. Kxa3 Rb1 36. Ka4 h5 37. Ka5 Ra1+ 38. Kb6 h4 39. f4 Ra3 40. Kc5 Rc3+ 41. Kb4 Rc1 42. b6 Rb1+ 43. Kc5 Kg6 44. Re5 Rb2 45. Kc6 Kh5 46. b7 Rc2+ 47. Rc5 Rb2 48. Rb5 Rc2+ 49. Kb6 1-0

[Event "Remote No Engine Nah email"]
[Site "Remote email"]
[Date "2013.09.05"]
[Round "?"]
[White "Guelker, Lorenz"]
[Black "Spieler, Freakie"]
[Result "0-1"]
[WhiteElo "2121"]
[BlackElo "2249"]
[PlyCount "72"]
[EventDate "2013.??.??"]
[EventType "tourn (corr)"]
[EventRounds "6"]
[EventCountry "GER"]
[SourceTitle "Corr 2015"]
[Source "ChessBase"]
[SourceDate "2015.07.17"]
[SourceVersion "1"]
[SourceVersionDate "2015.07.17"]
[SourceQuality "1"]

1. d4 Nf6 2. Nf3 g6 3. e3 Bg7 4. Bd3 d5 5. 0-0 Nc6 6. Nc3 Bg4 7. h3 Bxf3 8. Qxf3 0-0 9. a4 e5 10. dxe5 Nxe5 11. Qe2 c6 12. b3 Nxd3 13. Qxd3 Ne4 14. Bb2 Qa5 15. Nd1 Nc5 16. Qe2 Rfe8 17. Bxg7 Kxg7 18. Nb2 Ne4 19. Nd3 Re7 20. f3 Ng3 21. Qe1 Qxe1 22. Rfxe1 Rae8 23. Kf2 Nf5 24. e4 dxe4 25. Rxe4 Rxe4 26. fxe4 Rxe4 27. Re1 Rxe1 28. Nxe1 Kf6 29. c3 Ke5 30. Kf3 Ng7 31. Nd3+ Kd5 32. a5 Ne6 33. h4 Nc5 34. c4+ Kd4 35. Nxc5 Kxc5 36. Ke3 Kb4 0-1

[Event "Remote S5E No Engine email"]
[Site "Remote email"]
[Date "2013.08.28"]
[Round "?"]
[White "Gottwald, Bernhard"]
[Black "Spieler, Freakie"]
[Result "0-1"]
[WhiteElo "1930"]
[BlackElo "2249"]
[PlyCount "66"]
[EventDate "2013.??.??"]
[EventType "tourn (corr)"]
[EventRounds "6"]
[EventCountry "GER"]
[SourceTitle "Corr 2015"]
[Source "ChessBase"]
[SourceDate "2015.07.17"]
[SourceVersion "1"]
[SourceVersionDate "2015.07.17"]
[SourceQuality "1"]

1. d4 d5 2. Nf3 Nc6 3. g3 Nf6 4. Bg2 e6 5. 0-0 Bd6 6. b3 0-0 7. Bb2 b6 8. Nbd2 Bb7 9. Ne5 Qe8 10. c4 Rd8 11. Nxc6 Bxc6 12. Rc1 h6 13. Qc2 Bb7 14. e4 dxe4 15. Nxe4 Nxe4 16. Bxe4 Bxe4 17. Qxe4 Qd7 18. Rfd1 Rfe8 19. Qg4 Be7 20. d5 e5 21. Qxd7 Rxd7 22. Bxe5 Ba3 23. f4 Bxc1 24. Rxc1 f6 25. Bd4 Re2 26. Ra1 Rde7 27. d6 cxd6 28. Bf2 Rc2 29. Re1 Rxe1+ 30. Bxe1 Rxa2 31. b4 Rc2 32. c5 dxc5 33. bxc5 Rxc5 0-1

[Event "Remote S5E No Engine-246 email"]
[Site "Remote email"]
[Date "2013.08.28"]
[Round "?"]
[White "Spieler, Freakie"]
[Black "Pirs, Matjaz"]
[Result "1/2-1/2"]
[WhiteElo "2233"]
[BlackElo "2505"]
[PlyCount "88"]
[EventDate "2013.??.??"]
[EventType "tourn (corr)"]
[EventRounds "4"]
[EventCountry "GER"]
[SourceTitle "Corr 2015"]
[Source "ChessBase"]
[SourceDate "2015.07.17"]
[SourceVersion "1"]
[SourceVersionDate "2015.07.17"]
[SourceQuality "1"]

1. d4 f5 2. Nc3 Nf6 3. Nf3 d5 4. Bf4 e6 5. e3 a6 6. Be2 c5 7. 0-0 Nc6 8. Na4 cxd4 9. exd4 Be7 10. Ne5 Nxe5 11. Bxe5 0-0 12. Nc5 Qb6 13. Nd3 Nd7 14. b3 Nxe5 15. Nxe5 Bf6 16. f4 Rd8 17. a4 Bd7 18. Qd2 Rac8 19. Rfc1 Be8 20. a5 Qc7 21. c4 dxc4 22. Rxc4 Qd6 23. Rxc8 Rxc8 24. Rd1 g6 25. Bf3 Kg7 26. h3 b5 27. axb6 Qxb6 28. Qe3 Bb5 29. Kh2 Qc7 30. d5 exd5 31. Bxd5 Qc3 32. Qxc3 Rxc3 33. Bc4 Bxc4 34. bxc4 Bxe5 35. fxe5 Rxc4 36. Rd7+ Kh6 37. Ra7 Re4 38. Rxa6 Rxe5 39. Ra7 g5 40. Kg1 Re6 41. g4 f4 42. Kf2 Kg6 43. h4 h6 44. Ra5 Re3 1/2-1/2

[Event "Remote S7E Schnell-96 email"]
[Site "Remote email"]
[Date "2013.08.20"]
[Round "?"]
[White "Pieleck, Rudolf"]
[Black "Spieler, Freakie"]
[Result "0-1"]
[WhiteElo "1644"]
[BlackElo "2244"]
[PlyCount "58"]
[EventDate "2013.??.??"]
[EventType "tourn (corr)"]
[EventRounds "6"]
[EventCountry "GER"]
[SourceTitle "Corr 2015"]
[Source "ChessBase"]
[SourceDate "2015.07.17"]
[SourceVersion "1"]
[SourceVersionDate "2015.07.17"]
[SourceQuality "1"]

1. e4 c5 2. Nf3 Nc6 3. d4 cxd4 4. Nxd4 e5 5. Nf3 Nf6 6. Nc3 Bb4 7. Bc4 Nxe4 8. 0-0 Nxc3 9. bxc3 Bxc3 10. Rb1 Nd4 11. Nxd4 Bxd4 12. Be3 0-0 13. Bxd4 exd4 14. Qxd4 Qc7 15. Rfe1 d6 16. Bd3 Be6 17. Qe4 g6 18. Rxb7 Qc5 19. Reb1 Bd5 20. Qe3 Bxb7 21. Qxc5 dxc5 22. Rxb7 Rfb8 23. Rxb8+ Rxb8 24. c4 Rb2 25. a4 Rd2 26. Bf1 Ra2 27. g3 Rxa4 28. Kg2 Ra1 29. h4 a5 0-1

[Event "Remote S7E Schnell-96 email"]
[Site "Remote email"]
[Date "2013.08.20"]
[Round "?"]
[White "Spieler, Freakie"]
[Black "Henkel, Phil"]
[Result "1-0"]
[WhiteElo "2244"]
[BlackElo "1891"]
[PlyCount "65"]
[EventDate "2013.??.??"]
[EventType "tourn (corr)"]
[EventRounds "6"]
[EventCountry "GER"]
[SourceTitle "Corr 2015"]
[Source "ChessBase"]
[SourceDate "2015.07.17"]
[SourceVersion "1"]
[SourceVersionDate "2015.07.17"]
[SourceQuality "1"]

1. d4 Nf6 2. c4 e6 3. Nc3 c5 4. e3 cxd4 5. exd4 b6 6. Nf3 Bb7 7. Bd3 Be7 8. 0-0 0-0 9. Qc2 Nc6 10. a3 g6 11. d5 exd5 12. cxd5 Na5 13. b4 Rc8 14. bxa5 Nxd5 15. Bb2 Bf6 16. Nxd5 Bxd5 17. Bxf6 Qxf6 18. Qd1 Bxf3 19. Qxf3 Qxf3 20. gxf3 bxa5 21. Rfd1 Rc3 22. Be2 Rd8 23. Rd5 Rc2 24. Kf1 Rb8 25. Rxd7 Rbb2 26. Re7 Kf8 27. Re3 h5 28. Rd1 Kg7 29. f4 Kh6 30. Rd7 Rb1+ 31. Kg2 Rbb2 32. Kf3 Kg7 33. Rxa7 1-0

[Event "Remote S5E No Engine-243 email"]
[Site "Remote email"]
[Date "2013.08.08"]
[Round "?"]
[White "Spieler, Freakie"]
[Black "Pirs, Matjaz"]
[Result "1/2-1/2"]
[WhiteElo "2233"]
[BlackElo "2505"]
[PlyCount "96"]
[EventDate "2013.??.??"]
[EventType "tourn (corr)"]
[EventRounds "4"]
[EventCountry "GER"]
[SourceTitle "Corr 2015"]
[Source "ChessBase"]
[SourceDate "2015.07.17"]
[SourceVersion "1"]
[SourceVersionDate "2015.07.17"]
[SourceQuality "1"]

1. c4 c5 2. Nc3 Nc6 3. e3 e5 4. Nf3 f5 5. d4 e4 6. Nd2 Nf6 7. Nb3 d6 8. Be2 Be7 9. 0-0 0-0 10. Bd2 b6 11. f3 a5 12. a4 Bb7 13. d5 Nb4 14. fxe4 Nxe4 15. Nxe4 fxe4 16. Bg4 Rxf1+ 17. Qxf1 Bc8 18. Qf4 Bf6 19. Bc3 Bg5 20. Qxe4 Bxg4 21. Qxg4 Qe7 22. Rf1 Nc2 23. Qe2 Qxe3+ 24. Rf2 Nd4 25. Nxd4 cxd4 26. Bd2 Qxe2 27. Rxe2 d3 28. Rf2 Bf6 29. Bc3 Bxc3 30. bxc3 Re8 31. Rd2 Re4 32. Rxd3 Rxc4 33. Rd1 Rxc3 34. Rb1 Rc5 35. Rxb6 Rxd5 36. Ra6 Kf7 37. Ra7+ Kf6 38. Kf2 h5 39. g3 Re5 40. Rd7 Rd5 41. Ra7 Re5 42. Rd7 Rd5 43. Ra7 Rf5+ 44. Ke3 g6 45. Ra6 Re5+ 46. Kd3 Ke6 47. Ra8 Kf5 48. h3 Rd5+ 1/2-1/2

[Event "Remote Pyramide email"]
[Site "Remote email"]
[Date "2013.07.22"]
[Round "?"]
[White "Spieler, Freakie"]
[Black "Peschen, Rainer"]
[Result "1-0"]
[WhiteElo "2233"]
[BlackElo "2146"]
[PlyCount "83"]
[EventDate "2013.??.??"]
[EventType "tourn (corr)"]
[EventRounds "6"]
[EventCountry "GER"]
[SourceTitle "Corr 2015"]
[Source "ChessBase"]
[SourceDate "2015.07.17"]
[SourceVersion "1"]
[SourceVersionDate "2015.07.17"]
[SourceQuality "1"]

1. d4 f5 2. c4 Nf6 3. Nc3 g6 4. Nf3 Bg7 5. e3 0-0 6. Bd3 d6 7. 0-0 Nc6 8. d5 Nb4 9. a3 Nxd3 10. Qxd3 e5 11. dxe6 Bxe6 12. Ng5 Bd7 13. Bd2 Qe7 14. f3 Rae8 15. Nh3 c6 16. Nf4 g5 17. Nfe2 Be6 18. Rad1 Nd7 19. b3 b5 20. cxb5 Nc5 21. Qb1 Nxb3 22. bxc6 Bc4 23. Be1 Qxe3+ 24. Bf2 Qe5 25. Rfe1 Qa5 26. Qc2 d5 27. Rb1 Qxa3 28. c7 d4 29. Nd1 Qa6 30. Nb2 Be6 31. Nc1 Nxc1 32. Rbxc1 g4 33. Nd3 Bc8 34. Qb3+ Kh8 35. Rxe8 Rxe8 36. f4 Be6 37. Re1 Qc6 38. Qb8 Rc8 39. Nc5 Qxc5 40. Rxe6 Qf8 41. Qb7 d3 42. Rd6 1-0